Statistiques concernant Tous les adversaires du Castres olympique en Coupe d'Europe.

Cliquez ici pour prendre le quiz!

Statistiques générales

  • Ce quiz a été pris 51 fois
  • Le résultat moyen est 14 sur 25

Statistiques - réponses

ÉquipesMatchesVictoiresNulsDéfaitesDifférence% Correct
Munster184113-192
86%
Leinster8116-111
83%
ASM Clermont11001
76%
Leicester Tigers210114
76%
Racing 922101-19
74%
Ulster2002-25
71%
Exeter Chiefs4103-70
69%
Montpellier HR2101-12
64%
Bath Rugby2002-25
64%
London Wasps610559
62%
Harlequins831423
60%
Benetton Trévise220038
57%
Edinburgh Rugby6105-46
57%
Northampton Saints10406-19
57%
Sale Sharks200236
57%
Glasgow Warriors22005
55%
Cardiff Blues21012
55%
Llanelli Scarlets200211
52%
USA Perpignan2101-19
45%
Gloucester RFC2101-3
45%
Newport Dragons2101-6
40%
Ospreys42029
38%
Newport RFC210121
26%
Swansea RFC1001-12
17%
Bridgend Ravens220023
0%

Distribution des résultats

Percentile par nombre de réponses

% des personnes avec chaque résultat

Votre développement - résultats

Vous n’avez pas pris ce quiz